000
00288nam a2200133Ia 4500
100
_a
Grainger/J.A
942
_c
BK
654
_a
Presses
245
_a
Press Work & Presses
260
_b
Machinery Publication & co
_a
London
_c
1961
082
_a
621.9
300
_a
284
546
_a
ENGLISH
999
_c
25749
_d
25749